00679nam a2200229 a 450000100060000000300090000600500170001500800410003202000180007304000280009104100080011908200160012710000310014324500580017425000460023226000360027830000270031450000220034165000290036370000440039285200130043625151CO-ViMGA20230915232044.0141112s2004 ck r 000 u spa d a9786077854579 aCO-ViMGAbspacCO-ViMGA aspa04a519.4 E76m1 aEspinosa Armenta, Ramón.10aMatemáticas discretas / cRamón Espinosa Armenta. aeditor Francisco Javier Rodríguez Cruz. aMéxico : bAlfaomega, c2010. a492 p. : il. ; 23 cm. aIncluye índice.14aMatemáticas discretas.1 aRodríguez Cruz, Francisco Javier, ed. 17.648.30